000 00333nam a2200145Ia 4500
008 240830s1901 xx 000 0 und d
041 _aeng
082 _a0 NAN
100 _aNAND - KHAR
245 _aHOSPITAL AND CLINICAL PHARMACY
260 _bN.D.
_c1901
650 _aRASA-SHASTRA
906 _aN.D.
999 _c1198660
_d1198660